000 01169nam a2200253Ia 4500
003 Ost
005 20260507075124.0
008 260507s9999||||xx |||||||||||||| ||und||
020 _a808389957
040 _cfsecg
041 _aara
082 _a330
100 _aالشنطي، أيمن
_eمؤلف
245 0 _aالإدارة والتحليل المالي /
_c أيمن الشنطي
260 _aعمان:
_bدار الهداية,
_c2004
300 _a367 صفحة؛
_bإيضاحات ؛
_c24 سم
520 _aنبذة تاريخية عن الإدارة المالية-السياسة المالية-مصادر التمويل-العوامل المحددة لأنواع التمويل-إدارة الموجودات-التحليل المالي-أدوات التحليل المالي-التحليل المالي بالنسب-تحليلي التعادل- تحليل الدفع-التخطيط المالي-الرياضة المالية
653 _aالإدارة المالية
653 _aالتحليل المالي
653 _aالتخطيط المالي
653 _aالتمويل
653 _aالرياضة المالية
942 _cكتاب
999 _c43127
_d43127